000 01798nam a2200241 a 4500
001 000008684
005 20250416114550.0
008 090918t1997 dr a 001 0 spa d
040 _aDO-SdBNP
_bspa
_cBNPHU
082 _a972.93
_bC531s
100 1 _aChez Checo, José,
_d1949-
_910145
245 1 0 _aSobre libros de historia 1975-1996 /
_cJosé Chez Checo.
260 _aSanto Domingo :
_bAmigo del Hogar,
_c1997.
300 _a150 p. :
_bil. ;
_c20 cm.
490 1 _aHistoria total
_v9
500 _aIncluye bibliografía y notas al pie de páginas.
505 0 _aMitología y artes prehispánicas de las Antillas /
_rJosé Juan Arrom --
_tBibliografía sobre el Aje --
_tReligión, filosofía y política en Fernando A. de Meriño: 1857-1906 /
_rRafael Peralta Brito y José Chez Checo --
_tEl origen del mar /
_rPatricia Reid --
_tLa matanza de los haitianos : genocidio de Trujillo, 1937 /
_rJuan Manuel García --
_tEl marco histórico de la pastoral dominicana /
_rP. Antonio Camilo González --
_tLa pieza del mes : 1982-1984 /
_rReyna Alfau --
_tHermanas Mercedarias de la Caridad en República Dominicana : 1910-1985, 75 años de acción apostólica /
_rMons. Dr. Rafael Bello Peguerro, Pbro. --
_tEl pasado dominicano /
_rFrank Moya Pons --
_tRecordando a Meriño en el primer centenario de su consagración episcopal /
_rMons. Hugo E. Polanco Brito --
_tBibliografía dominicana sobre Máximo Gómez --
_tDon Sebastián Ramírez de Fuenleal. Obispo y legislador /
_rJosé Luis Sáez, S.J. --
_tBarril sin fondo. Antropología para curiosos /
_rMarcio Veloz Maggiolo --
_tDel autor.
650 0 _aLibros
_vReseñas
_910697
651 4 _aRepública Dominicana
_xHistoria
_xEnsayos, Conferencias, Etc.
_97095
830 0 _aHistoria total
_n9
_923128
910 _aValidado. Control de calidad EMS.
049 _aBNPD
999 _c8454
_d8454